01013nam a22002177a 4500003000400000005001700004008004100021020001500062040000700077100003200084245005200116260004300168300001800211504005700229505033900286650002800625650002000653942002300673999001300696952008600709OSt20190104071929.0180320b xxu||||| |||| 00| 0 spa d a9502002032 cPJ 9155aMadile, Juan Alberto 10aVida social y cultural /cJuan Alberto Madile.  aBuenos Aires :bAbeledo-Perrot, c1983 a168 p.c23 cm aNotas y bibliografía al pie de algunas páginas.  aContenido: I. Sobre la metodología en Ciencias Sociales -- II. La estructura social -- III: El sistema social -- IV. El sistema político -- V. La familia -- VI.La estratificación social -- VII. El control y el cambio sociales -- VIII. El control social -- IX. El cambio social -- Xl. Epílogo: materia, vida social y cultural. 091912aCIENCIAS SOCIALES 09247aSOCIOLOGIA 2udccLIBh316iMAD c320d320 00102udc4070aDJSbDJSd2018-04-26o316 MADp2087r2018-04-26w2018-04-26yLIB